Welcome to the Holygrace Academy Library

Please use search bar below to get started

THE SERPENT'S REVENGE (Record no. 3543)

MARC details
000 -LEADER
fixed length control field 00540nam a22001457a 4500
020 ## - INTERNATIONAL STANDARD BOOK NUMBER
ISBN 978014342758
082 ## - DEWEY DECIMAL CLASSIFICATION NUMBER
Classification number 823
Item number MUR/S
100 ## - MAIN ENTRY--AUTHOR NAME
Personal name MURTY, SUDHA
245 ## - TITLE STATEMENT
Title THE SERPENT'S REVENGE
Remainder of title UNUSUAL TALES FROM THE MAHABHARATA
260 ## - PUBLICATION, DISTRIBUTION, ETC. (IMPRINT)
Place of publication GURGAON
Name of publisher PENGUIN RANDOM HOUSE
Year of publication 2016
300 ## - PHYSICAL DESCRIPTION
Number of Pages 182
520 ## - SUMMARY, ETC.
Summary, etc It starts with the story of Shakuntala, events that lead up to the Mahabharata war, then goes to the stories of people in the war and ends with the stories of the descendants of the Pandavas.
650 ## - SUBJECT ADDED ENTRY--TOPICAL TERM
Topical Term NOVEL
Geographic subdivision INDIA
942 ## - ADDED ENTRY ELEMENTS (KOHA)
Koha item type Books
Holdings
Withdrawn status Lost status Collection code Home library Current library Shelving location Date acquired Source of acquisition Cost, normal purchase price Full call number Accession Number Koha item type
    Fiction Main Library Main Library SHELF 14 H ALPHEBETICAL - M-FICTION 25/08/2019 purchase 250.00 823 MUR/S 11522 Books
    Fiction Main Library Main Library SHELF 14 H ALPHEBETICAL - M-FICTION 07/11/2016 purchase 250.00 823 MUR/S 09831 Books